[Event "Mercredi 2019.09.04 ABCD"]
[Site "Montreal CAN"]
[Date "2019.09.04"]
[Round "1"]
[White "Nunez-Painchaud, Raphael"]
[Black "Bouchard, Jean-Marc"]
[Result "1-0"]
[WhiteElo "2034"]
[BlackElo "1875"]
[PlyCount "41"]
[EventDate "2019.09.04"]
[EventType "tourn"]
[EventRounds "5"]
[EventCountry "CAN"]

1. d4 e6 2. c4 d5 3. Nf3 c6 4. g3 f5 5. Bg2 Nf6 6. O-O Bd6 7. b3 O-O 8. Ba3 Ne4
9. Ne5 Nc3 10. Qd3 Nxb1 11. Bxd6 Qxd6 12. Raxb1 Nd7 13. Nf3 Nf6 14. b4 dxc4 15.
Qxc4 Nd5 16. Ne5 Bd7 17. Qc5 Qc7 18. b5 b6 19. Qc4 Rac8 20. bxc6 Bxc6 21. Rfc1
1-0

[Event "Mercredi 2019.09.04 ABCD"]
[Site "Montreal CAN"]
[Date "2019.09.04"]
[Round "1"]
[White "Rodrigue-Lemieux, Shawn"]
[Black "Abdelaal, Ibrahim"]
[Result "1-0"]
[WhiteElo "2375"]
[BlackElo "2045"]
[PlyCount "27"]
[EventDate "2019.09.04"]
[EventType "tourn"]
[EventRounds "5"]
[EventCountry "CAN"]

1. Nf3 b5 2. e4 a6 3. d4 Bb7 4. Bd3 Nf6 5. Qe2 g6 6. a4 c6 7. e5 Nd5 8. c3 Bg7
9. h4 O-O 10. h5 d6 11. hxg6 fxg6 12. Ng5 dxe5 13. Rxh7 Nf4 14. Bxf4 1-0

[Event "Mercredi 2019.09.04 ABCD"]
[Site "Montreal CAN"]
[Date "2019.09.04"]
[Round "1"]
[White "Tremblay, Alain"]
[Black "Boudreau, Daniel"]
[Result "1-0"]
[WhiteElo "2075"]
[BlackElo "2042"]
[PlyCount "35"]
[EventDate "2019.09.04"]
[EventType "tourn"]
[EventRounds "5"]
[EventCountry "CAN"]

1. Nf3 Nf6 2. g3 e6 3. Bg2 d5 4. O-O b6 5. d3 Bb7 6. Nbd2 Be7 7. e4 dxe4 8.
dxe4 Nxe4 9. Ne5 f5 10. Qh5+ g6 11. Nxg6 Nf6 12. Qh3 Bxg2 13. Qxg2 hxg6 14.
Qxa8 Ng4 15. Nf3 e5 16. h4 O-O 17. Bg5 Bxg5 18. Nxg5 1-0

[Event "Mercredi 2019.09.04 ABCD"]
[Site "Montreal CAN"]
[Date "2019.09.04"]
[Round "1"]
[White "Tsukerman, Julia"]
[Black "Hernandez, Juan Felipe"]
[Result "1-0"]
[WhiteElo "1800"]
[BlackElo "1759"]
[PlyCount "49"]
[EventDate "2019.09.04"]
[EventType "tourn"]
[EventRounds "5"]
[EventCountry "CAN"]

1. e4 e6 2. d4 d5 3. exd5 exd5 4. Bd3 Bd6 5. h3 Nc6 6. c3 Nge7 7. Nf3 Bf5 8.
O-O Qd7 9. Re1 O-O-O 10. Bxf5 Nxf5 11. Nbd2 g5 12. Ne5 Bxe5 13. dxe5 h5 14. Nb3
Rdg8 15. g3 Nce7 16. Kh2 g4 17. h4 Re8 18. Bg5 Ng6 19. Bf6 Rhg8 20. Qd3 Nfe7
21. Rad1 Nc6 22. Nc5 Ngxe5 23. Bxe5 Qe7 24. Qf5+ Kb8 25. Nd3 1-0

[Event "Mercredi 2019.09.04 ABCD"]
[Site "Montreal CAN"]
[Date "2019.09.11"]
[Round "2"]
[White "Abdelaal, Ibrahim"]
[Black "Tremblay, Alain"]
[Result "0-1"]
[WhiteElo "2045"]
[BlackElo "2075"]
[PlyCount "101"]
[EventDate "2019.09.04"]
[EventType "tourn"]
[EventRounds "5"]
[EventCountry "CAN"]

1. e4 d6 2. Nf3 g6 3. g3 Bg7 4. Bg2 c5 5. O-O Nc6 6. d3 e6 7. Re1 Nge7 8. Nbd2
O-O 9. Nf1 Rb8 10. c3 b5 11. Bg5 h6 12. Be3 b4 13. d4 bxc3 14. bxc3 Qa5 15. Qd2
Kh7 16. h4 cxd4 17. Nxd4 Ne5 18. Nb3 Qc7 19. Bd4 a5 20. Bxe5 Bxe5 21. Rac1 a4
22. Nd4 a3 23. Ne3 Bd7 24. Rb1 Bg7 25. c4 Rb2 26. Rxb2 axb2 27. Qxb2 Rb8 28.
Qd2 h5 29. Bf1 Qb7 30. Nb5 Nc8 31. Nxd6 Nxd6 32. Qxd6 Bc6 33. Bg2 Rc8 34. Qd3
Qb2 35. Qb3 Qe5 36. f4 Qc5 37. Kh2 Ra8 38. Qc2 Ra3 39. e5 Rxe3 40. Rxe3 Bxg2
41. Re2 Bb7 42. Re1 Bf8 43. Rf1 Qc6 44. a4 Bc5 45. a5 Bb4 46. c5 Bxa5 47. Qb2
Bc3 48. Qf2 Bd4 49. Qc2 Bxc5 50. Rc1 Qf3 51. Kh3 0-1

[Event "Mercredi 2019.09.04 ABCD"]
[Site "Montreal CAN"]
[Date "2019.09.11"]
[Round "2"]
[White "Baran, Marius"]
[Black "Tsukerman, Julia"]
[Result "0-1"]
[WhiteElo "1815"]
[BlackElo "1800"]
[PlyCount "69"]
[EventDate "2019.09.04"]
[EventType "tourn"]
[EventRounds "5"]
[EventCountry "CAN"]

1. e4 c5 2. Nc3 d6 3. f4 Nc6 4. Nf3 e6 5. Bb5 Bd7 6. O-O Nf6 7. d3 Be7 8. e5
dxe5 9. fxe5 Nd5 10. Ne4 O-O 11. Bxc6 Bxc6 12. a3 b5 13. Bd2 Nb6 14. Qe1 c4 15.
d4 Nd5 16. c3 a5 17. Bg5 Rb8 18. Bxe7 Qxe7 19. Qd2 Nc7 20. Nc5 Rb6 21. Ng5 Na6
22. Nge4 Nxc5 23. dxc5 Rbb8 24. Nd6 f6 25. exf6 Rxf6 26. Rxf6 Qxf6 27. Rf1 Qe5
28. Qf2 h5 29. h4 Qd5 30. Qf7+ Kh7 31. Qf2 Rf8 32. Qc2+ Kg8 33. Rxf8+ Kxf8 34.
Qf2+ Kg8 35. Nf7 0-1

[Event "Mercredi 2019.09.04 ABCD"]
[Site "Montreal CAN"]
[Date "2019.09.11"]
[Round "2"]
[White "Bouchard, Jean-Marc"]
[Black "Nesterov, Timour"]
[Result "0-1"]
[WhiteElo "1875"]
[BlackElo "1893"]
[PlyCount "38"]
[EventDate "2019.09.04"]
[EventType "tourn"]
[EventRounds "5"]
[EventCountry "CAN"]

1. Nf3 e6 2. g3 b6 3. Bg2 Bb7 4. d4 f5 5. c4 Nf6 6. O-O Be7 7. Nc3 Ne4 8. Qc2
Nxc3 9. Qxc3 O-O 10. b3 d6 11. Bb2 Bf6 12. Rad1 Nd7 13. Qc1 Qe8 14. Rfe1 e5 15.
d5 Qh5 16. e4 fxe4 17. Nd2 Bg5 18. Bxe4 Nf6 19. Bf5 Bc8 0-1

[Event "Mercredi 2019.09.04 ABCD"]
[Site "Montreal CAN"]
[Date "2019.09.11"]
[Round "2"]
[White "Brassard, Sylvain"]
[Black "Giurgiev, Silvius"]
[Result "0-1"]
[WhiteElo "1758"]
[BlackElo "1774"]
[PlyCount "78"]
[EventDate "2019.09.04"]
[EventType "tourn"]
[EventRounds "5"]
[EventCountry "CAN"]

1. d4 d5 2. Bf4 Bf5 3. e3 e6 4. Bd3 Bxd3 5. Qxd3 c6 6. Nf3 Nf6 7. Nbd2 Nbd7 8.
h3 c5 9. c3 Be7 10. O-O O-O 11. Ne5 Rc8 12. Ndf3 Ne4 13. Nxd7 Qxd7 14. Ne5 Qe8
15. c4 cxd4 16. cxd5 Nc5 17. Qd2 dxe3 18. Bxe3 Rd8 19. Qc2 Rxd5 20. Nf3 b6 21.
Rac1 Qd7 22. b4 Nd3 23. Rb1 Nxb4 24. Qb3 Rc8 25. Rfd1 Rxd1+ 26. Rxd1 Nd5 27.
Ne5 Qb7 28. Kh1 Bc5 29. Bxc5 Rxc5 30. Qa4 b5 31. Qa3 Qc7 32. Nd3 Rc4 33. Qa6
Qb6 34. Qa3 h6 35. Ne5 Rc3 36. Qb2 Qc5 37. Nd7 Qc4 38. Ne5 Qe4 39. Rxd5 Rxh3+
0-1

[Event "Mercredi 2019.09.04 ABCD"]
[Site "Montreal CAN"]
[Date "2019.09.11"]
[Round "2"]
[White "Dumouchel, Alain"]
[Black "Templonuevo, Mark Geryl"]
[Result "0-1"]
[WhiteElo "1835"]
[BlackElo "1843"]
[PlyCount "90"]
[EventDate "2019.09.04"]
[EventType "tourn"]
[EventRounds "5"]
[EventCountry "CAN"]

1. d4 d5 2. Bf4 Nf6 3. e3 g6 4. Nd2 Bg7 5. Ngf3 O-O 6. Bd3 c5 7. c3 Nc6 8. h3
Nd7 9. O-O e5 10. dxe5 Ndxe5 11. Bc2 h6 12. Nxe5 Nxe5 13. Nf3 Nc4 14. Rb1 f5
15. h4 Be6 16. Qd3 Kh7 17. Rfd1 Bf6 18. g3 g5 19. hxg5 hxg5 20. Qxc4 dxc4 21.
Rxd8 Raxd8 22. Bxg5 Kg6 23. Bf4 Kf7 24. Kf1 b5 25. Ke2 Rd7 26. Rh1 Rh8 27. Ng5+
Ke7 28. Rxh8 Bxh8 29. e4 fxe4 30. Nxe4 Rd5 31. f3 a5 32. g4 Be5 33. Bg5+ Kd7
34. Be3 Kc6 35. Ng5 Bg8 36. Be4 b4 37. Bxd5+ Bxd5 38. Kd2 a4 39. Ne4 a3 40.
bxa3 b3 41. axb3 cxb3 42. Nxc5 b2 43. Kc2 Bxc3 44. Kb1 Bxf3 45. g5 Bh5 0-1

[Event "Mercredi 2019.09.04 ABCD"]
[Site "Montreal CAN"]
[Date "2019.09.11"]
[Round "2"]
[White "Gadbois, Patrick"]
[Black "Kapush, Oleksandr"]
[Result "0-1"]
[WhiteElo "1885"]
[BlackElo "1941"]
[PlyCount "78"]
[EventDate "2019.09.04"]
[EventType "tourn"]
[EventRounds "5"]
[EventCountry "CAN"]

1. d4 Nf6 2. e3 g6 3. Bd3 Bg7 4. f4 O-O 5. Nf3 c5 6. c3 d6 7. O-O Nc6 8. Bc2
cxd4 9. exd4 e5 10. fxe5 dxe5 11. dxe5 Qb6+ 12. Kh1 Ng4 13. Qe2 Ngxe5 14. Nxe5
Nxe5 15. Bb3 Bf5 16. Be3 Qc6 17. Bc2 Bg4 18. Qf2 Qb5 19. Bb3 Nd3 20. Qc2 Rad8
21. Na3 Qh5 22. Bxa7 Be5 23. Bg1 Be2 24. Bc4 Bxf1 25. Rxf1 Nf4 26. Qe4 Qf5 27.
Qxf5 gxf5 28. Bc5 Rfe8 29. g3 Ne6 30. Bb6 Rd6 31. Be3 Ng7 32. Bc5 Rd2 33. Bb5
Rc8 34. Be3 Rxb2 35. Bd7 Rxc3 36. Bc1 Rxa2 37. Nb1 Rcc2 38. Nd2 Bc3 39. Nf3 Ra1
0-1

[Event "Mercredi 2019.09.04 ABCD"]
[Site "Montreal CAN"]
[Date "2019.09.11"]
[Round "2"]
[White "Gates, Claude-Eric"]
[Black "Beaulieu, Pierre"]
[Result "0-1"]
[WhiteElo "1841"]
[BlackElo "1857"]
[PlyCount "52"]
[EventDate "2019.09.04"]
[EventType "tourn"]
[EventRounds "5"]
[EventCountry "CAN"]

1. d4 d5 2. Nf3 Nf6 3. e3 e6 4. Bd3 Bd6 5. O-O Nbd7 6. b3 e5 7. dxe5 Nxe5 8.
Bb2 Bg4 9. Be2 Qe7 10. Nbd2 h5 11. Nd4 Bd7 12. c4 dxc4 13. bxc4 Nfg4 14. N4f3
Nxf3+ 15. Nxf3 Bc6 16. h3 O-O-O 17. Qe1 Bxf3 18. Bxf3 Nh2 19. Rb1 Nxf3+ 20.
gxf3 Qh4 21. f4 Qxh3 22. Qa5 Rh6 23. f3 Qg3+ 24. Kh1 Rg6 25. Qd2 Bxf4 26. Qf2
Qh3+ 0-1

[Event "Mercredi 2019.09.04 ABCD"]
[Site "Montreal CAN"]
[Date "2019.09.11"]
[Round "2"]
[White "Guipi Bopala, Prince Eric jr"]
[Black "Lewicki, Philip"]
[Result "1/2-1/2"]
[WhiteElo "1872"]
[BlackElo "1871"]
[PlyCount "83"]
[EventDate "2019.09.04"]
[EventType "tourn"]
[EventRounds "5"]
[EventCountry "CAN"]

1. d4 Nf6 2. c4 e6 3. Nc3 d5 4. cxd5 exd5 5. Bg5 Be7 6. e3 O-O 7. Bd3 c6 8. Nf3
Bg4 9. h3 Bh5 10. g4 Bg6 11. Bxg6 hxg6 12. Ne5 Nbd7 13. Nxd7 Qxd7 14. Qf3 Rfe8
15. O-O-O b5 16. Bxf6 gxf6 17. h4 Kg7 18. Rdg1 Rh8 19. h5 a5 20. hxg6 fxg6 21.
Kb1 a4 22. Rc1 Rad8 23. Rcd1 Bb4 24. Ne2 Rde8 25. Ng3 Bd6 26. Rxh8 Rxh8 27. Rh1
Rxh1+ 28. Nxh1 Qe7 29. Ng3 Bxg3 30. Qxg3 b4 31. b3 a3 32. Qb8 g5 33. Qb6 Qe4+
34. Kc1 Qh1+ 35. Kd2 Qa1 36. Qxc6 Qxa2+ 37. Qc2 Qxc2+ 38. Kxc2 Kg6 39. f3 f5
40. Kb1 Kf6 41. Kc2 fxg4 42. fxg4 1/2-1/2

[Event "Mercredi 2019.09.04 ABCD"]
[Site "Montreal CAN"]
[Date "2019.09.11"]
[Round "2"]
[White "Hernandez, Juan Felipe"]
[Black "Audet, Eric"]
[Result "0-1"]
[WhiteElo "1759"]
[BlackElo "1794"]
[PlyCount "134"]
[EventDate "2019.09.04"]
[EventType "tourn"]
[EventRounds "5"]
[EventCountry "CAN"]

1. e4 c6 2. Nf3 d5 3. Nc3 dxe4 4. Nxe4 Bg4 5. h3 Bh5 6. Ng3 Bxf3 7. Qxf3 Nf6 8.
Bc4 e6 9. O-O Be7 10. c3 Nbd7 11. d4 O-O 12. Bf4 Nd5 13. Bd2 N7f6 14. Ne4 Nxe4
15. Qxe4 Qc7 16. Bd3 Nf6 17. Qe2 Rfe8 18. f4 c5 19. Qf3 Rad8 20. f5 cxd4 21.
fxe6 fxe6 22. cxd4 e5 23. dxe5 Qxe5 24. Bc3 Bc5+ 25. Kh1 Qd5 26. Rad1 Qxf3 27.
Rxf3 Ne4 28. Bc4+ Kh8 29. Rxd8 Rxd8 30. Rf7 Nxc3 31. bxc3 Rd1+ 32. Rf1 Rxf1+
33. Bxf1 g5 34. g4 Kg7 35. Kg2 Kf6 36. Kf3 Ke5 37. Bc4 Ba3 38. Ke3 Bc1+ 39. Kd3
b6 40. Ba6 Kf4 41. Ke2 Kg3 42. c4 Kxh3 43. Kf3 Kh4 44. Bc8 h5 45. a4 Ba3 46.
gxh5 Kxh5 47. Bd7 Kg6 48. Kg4 Bc1 49. Be6 Kf6 50. Bd7 Ke5 51. Bb5 Kd4 52. Kf5
Kc5 53. Kg4 Kb4 54. Kf5 Ka5 55. Ke5 a6 56. Bc6 Kb4 57. Kd4 Bb2+ 58. Kd3 g4 59.
Bd5 Kxa4 60. Kc2 Be5 61. Bc6+ Kb4 62. Bd5 a5 63. Kb1 Kc3 64. Ka2 Kd4 65. Kb3
Bd6 66. Ka4 Ke3 67. Kb5 Bc5 0-1

[Event "Mercredi 2019.09.04 ABCD"]
[Site "Montreal CAN"]
[Date "2019.09.11"]
[Round "2"]
[White "Lopez Linares, Lizandro"]
[Black "Rodrigue-Lemieux, Shawn"]
[Result "1/2-1/2"]
[WhiteElo "2196"]
[BlackElo "2375"]
[PlyCount "83"]
[EventDate "2019.09.04"]
[EventType "tourn"]
[EventRounds "5"]
[EventCountry "CAN"]

1. d4 Nf6 2. Nf3 d5 3. c4 e6 4. Nc3 Bb4 5. Qa4+ Nc6 6. Ne5 Bd7 7. Nxc6 Bxc3+ 8.
bxc3 Bxc6 9. Qb3 dxc4 10. Qxc4 O-O 11. Ba3 Re8 12. e3 a6 13. Qb3 Qd7 14. c4 b5
15. Rc1 Reb8 16. Qc2 b4 17. Bb2 a5 18. Bd3 a4 19. O-O b3 20. axb3 Rxb3 21. Ba1
Rab8 22. f3 Qe7 23. e4 e5 24. d5 Be8 25. c5 Bb5 26. Bxb5 R8xb5 27. Rfd1 Nd7 28.
d6 cxd6 29. cxd6 Qd8 30. Qc7 Rb8 31. Rd5 a3 32. h3 a2 33. Qxd8+ Rxd8 34. Ra5
Rb1 35. Rf1 f6 36. Rxa2 Rxf1+ 37. Kxf1 Kf7 38. Ra7 Ke6 39. Bc3 Kxd6 40. Bb4+
Kc6 41. Ba5 Rb8 42. Be1 1/2-1/2

[Event "Mercredi 2019.09.04 ABCD"]
[Site "Montreal CAN"]
[Date "2019.09.11"]
[Round "2"]
[White "Nunez-Painchaud, Raphael"]
[Black "Nunez, Omar"]
[Result "1/2-1/2"]
[WhiteElo "2034"]
[BlackElo "1951"]
[PlyCount "44"]
[EventDate "2019.09.04"]
[EventType "tourn"]
[EventRounds "5"]
[EventCountry "CAN"]

1. c4 f5 2. d4 Nf6 3. Nf3 g6 4. g3 Bg7 5. Bg2 O-O 6. O-O d6 7. Nc3 Nc6 8. d5
Ne5 9. Qb3 Kh8 10. Bd2 Nfd7 11. Na4 Nb6 12. Nxe5 Bxe5 13. f4 Bd4+ 14. e3 Bf6
15. Nc3 e5 16. Ne2 Qe7 17. Rae1 Bd7 18. Qd3 Na4 19. Qc2 e4 20. Rb1 Nc5 21. b4
Ba4 22. Qc1 Nd3 1/2-1/2

[Event "Mercredi 2019.09.04 ABCD"]
[Site "Montreal CAN"]
[Date "2019.09.11"]
[Round "2"]
[White "Pomerantz, Daniel"]
[Black "Boudreau, Daniel"]
[Result "1-0"]
[WhiteElo "2158"]
[BlackElo "2042"]
[PlyCount "29"]
[EventDate "2019.09.04"]
[EventType "tourn"]
[EventRounds "5"]
[EventCountry "CAN"]

1. e4 c5 2. Nf3 e6 3. d4 cxd4 4. Nxd4 Nc6 5. Nc3 Qc7 6. Be3 a6 7. Qd2 Nf6 8.
O-O-O b5 9. Nxc6 dxc6 10. Bf4 Qa5 11. Bd6 b4 12. Bxf8 bxc3 13. Qd6 cxb2+ 14.
Kb1 Rxf8 15. Qxc6+ 1-0

[Event "Mercredi 2019.09.04 ABCD"]
[Site "Montreal CAN"]
[Date "2019.09.18"]
[Round "3"]
[White "Audet, Eric"]
[Black "Baran, Marius"]
[Result "1/2-1/2"]
[WhiteElo "1794"]
[BlackElo "1815"]
[PlyCount "93"]
[EventDate "2019.09.04"]
[EventType "tourn"]
[EventRounds "5"]
[EventCountry "CAN"]

1. e4 c5 2. Nf3 d6 3. d4 cxd4 4. Nxd4 Nf6 5. Nc3 a6 6. Be2 e6 7. Be3 b5 8. a3
Bb7 9. f3 Be7 10. Qd2 O-O 11. g4 Nfd7 12. O-O-O Nc6 13. Nxc6 Bxc6 14. Bf4 Ne5
15. Bxe5 dxe5 16. Qxd8 Rfxd8 17. Rxd8+ Rxd8 18. Bd3 g6 19. b4 Bg5+ 20. Kb2 Be7
21. Kb3 Kf8 22. Ra1 Rb8 23. h3 Ke8 24. Rd1 Bd7 25. Na2 Bd8 26. c4 bxc4+ 27.
Bxc4 a5 28. Nc3 axb4 29. axb4 Ba5 30. Na2 Ke7 31. Rb1 f5 32. Bd3 Bb6 33. Nc3
Bd4 34. Rc1 Rc8 35. Na2 Rxc1 36. Nxc1 Kd6 37. Kc4 Kc6 38. Ne2 Ba1 39. Ng3 Kb6
40. Kb3 f4 41. Ne2 Bb5 42. Bc4 g5 43. Nc1 h6 44. Nd3 Bd4 45. Nc1 Bd7 46. Nd3
Bb5 47. Nc1 1/2-1/2

[Event "Mercredi 2019.09.04 ABCD"]
[Site "Montreal CAN"]
[Date "2019.09.18"]
[Round "3"]
[White "Beaulieu, Pierre"]
[Black "Guipi Bopala, Prince Eric jr"]
[Result "1-0"]
[WhiteElo "1857"]
[BlackElo "1872"]
[PlyCount "69"]
[EventDate "2019.09.04"]
[EventType "tourn"]
[EventRounds "5"]
[EventCountry "CAN"]

1. Nf3 d5 2. g3 e6 3. Bg2 c6 4. d3 f5 5. c3 Nf6 6. Nbd2 Be7 7. Qc2 O-O 8. O-O
Bd7 9. a4 Be8 10. Nd4 Qc8 11. N2f3 c5 12. Nb3 Nc6 13. Be3 b6 14. d4 Ne4 15.
Rfc1 Bg6 16. Qd1 c4 17. Nbd2 Nxd2 18. Nxd2 Bd6 19. f4 a6 20. b3 b5 21. axb5
axb5 22. Rxa8 Qxa8 23. bxc4 bxc4 24. Ra1 Qb7 25. Qb1 Qxb1+ 26. Rxb1 Rb8 27. Ra1
Rb6 28. Nxc4 dxc4 29. d5 Nd4 30. Bxd4 Rb8 31. dxe6 Kf8 32. Ra7 Be7 33. Kf2 Be8
34. Bd5 g6 35. Bxc4 1-0

[Event "Mercredi 2019.09.04 ABCD"]
[Site "Montreal CAN"]
[Date "2019.09.18"]
[Round "3"]
[White "Giurgiev, Silvius"]
[Black "Hernandez, Juan Felipe"]
[Result "1-0"]
[WhiteElo "1774"]
[BlackElo "1759"]
[PlyCount "73"]
[EventDate "2019.09.04"]
[EventType "tourn"]
[EventRounds "5"]
[EventCountry "CAN"]

1. e4 e6 2. d4 d5 3. exd5 exd5 4. Nf3 Bd6 5. Bg5 Ne7 6. Bd3 Nbc6 7. c3 Bg4 8.
Nbd2 Qd7 9. h3 Bf5 10. Qe2 f6 11. Be3 O-O-O 12. O-O-O g5 13. Nf1 Rde8 14. Re1
h5 15. N3d2 Bxd3 16. Qxd3 Nf5 17. Nb3 Nh4 18. g3 Nf3 19. Rd1 g4 20. h4 f5 21.
Nfd2 f4 22. gxf4 Nxd2 23. Qxd2 Qf5 24. Nc5 Rhf8 25. Nd3 Re4 26. Ne5 Ne7 27. c4
dxc4 28. Nxc4 Bxf4 29. Qc2 Bxe3+ 30. fxe3 Qf2 31. Nd6+ Kd7 32. Nxe4 Qxe3+ 33.
Kb1 g3 34. Rhe1 Qf4 35. Nc5+ Ke8 36. Ne6 Qxh4 37. Nxf8 1-0

[Event "Mercredi 2019.09.04 ABCD"]
[Site "Montreal CAN"]
[Date "2019.09.18"]
[Round "3"]
[White "Kapush, Oleksandr"]
[Black "Nunez-Painchaud, Raphael"]
[Result "1/2-1/2"]
[WhiteElo "1941"]
[BlackElo "2034"]
[PlyCount "91"]
[EventDate "2019.09.04"]
[EventType "tourn"]
[EventRounds "5"]
[EventCountry "CAN"]

1. e4 c5 2. Nc3 Nc6 3. g3 g6 4. Bg2 Bg7 5. d3 Rb8 6. f4 d6 7. Nf3 e6 8. O-O
Nge7 9. Be3 O-O 10. Rb1 b6 11. Bf2 Qd7 12. Qd2 Bb7 13. Ne2 d5 14. e5 d4 15. Ng5
f6 16. exf6 Bxf6 17. Ne4 Bg7 18. Bh3 Nf5 19. g4 Nd6 20. N2g3 Bh6 21. g5 Bg7 22.
Nxd6 Qxd6 23. Ne4 Qd7 24. Rbe1 Rbe8 25. c4 Rf7 26. Bh4 Ne7 27. Ng3 Nf5 28. Nxf5
exf5 29. Bg2 Rfe7 30. Rxe7 Rxe7 31. Bxb7 Qxb7 32. Qg2 Qd7 33. Re1 Re3 34. Qd2
Qd6 35. Bf2 Rxe1+ 36. Bxe1 Qe6 37. Kf1 Bf8 38. Qe2 Qd6 39. Bd2 Qc6 40. Qg2
Qxg2+ 41. Kxg2 Kf7 42. a4 Ke6 43. h4 Kd7 44. b3 Kc6 45. Kf3 Bd6 46. Ke2 1/2-1/2

[Event "Mercredi 2019.09.04 ABCD"]
[Site "Montreal CAN"]
[Date "2019.09.18"]
[Round "3"]
[White "Lewicki, Philip"]
[Black "Dumouchel, Alain"]
[Result "1-0"]
[WhiteElo "1871"]
[BlackElo "1835"]
[PlyCount "56"]
[EventDate "2019.09.04"]
[EventType "tourn"]
[EventRounds "5"]
[EventCountry "CAN"]

1. d4 Nf6 2. Nf3 g6 3. g3 Bg7 4. Bg2 d6 5. c4 O-O 6. O-O c6 7. Nc3 a6 8. e4 b5
9. e5 Ne8 10. Qe2 bxc4 11. Qxc4 a5 12. Re1 Ba6 13. Qb3 d5 14. Be3 Bc4 15. Qc2
Na6 16. b3 Nb4 17. Qd2 Ba6 18. a3 Nd3 19. Red1 f6 20. e6 Nd6 21. Rf1 Ne4 22.
Qc2 Ne5 23. dxe5 Nxc3 24. Qxc3 fxe5 25. Nxe5 Qc7 26. f4 Bxf1 27. Rxf1 g5 28.
Bd4 gxf4 1-0

[Event "Mercredi 2019.09.04 ABCD"]
[Site "Montreal CAN"]
[Date "2019.09.18"]
[Round "3"]
[White "Nesterov, Timour"]
[Black "Gadbois, Patrick"]
[Result "1/2-1/2"]
[WhiteElo "1893"]
[BlackElo "1885"]
[PlyCount "86"]
[EventDate "2019.09.04"]
[EventType "tourn"]
[EventRounds "5"]
[EventCountry "CAN"]

1. d4 e6 2. e4 d5 3. Nd2 Nf6 4. Bd3 c5 5. e5 Nfd7 6. c3 Nc6 7. Ngf3 Qb6 8. O-O
cxd4 9. cxd4 Nxd4 10. Nxd4 Qxd4 11. Nf3 Qb6 12. Qa4 Qb4 13. Qc2 Qc5 14. Qe2 Be7
15. Be3 Qc7 16. Rac1 Qd8 17. Rc3 Bb4 18. Rb3 Bc5 19. Rc1 Bxe3 20. Qxe3 Nb6 21.
Qf4 h6 22. Rbc3 Bd7 23. g4 g5 24. Qe3 Rc8 25. Nd4 Rxc3 26. Rxc3 h5 27. Bb5 hxg4
28. Bxd7+ Nxd7 29. Nb5 Rh3 30. Nd6+ Kf8 31. Qe2 Rxc3 32. bxc3 Qc7 33. Qe3 f6
34. Qxa7 fxe5 35. Nb5 Qb6 36. Qa8+ Ke7 37. a4 Nc5 38. Qg8 Ne4 39. Qg7+ Kd8 40.
Qf8+ Kd7 41. Qf7+ Kd8 42. Qf8+ Kd7 43. Qf7+ Kd8 1/2-1/2

[Event "Mercredi 2019.09.04 ABCD"]
[Site "Montreal CAN"]
[Date "2019.09.18"]
[Round "3"]
[White "Nunez, Omar"]
[Black "Bouchard, Jean-Marc"]
[Result "0-1"]
[WhiteElo "1951"]
[BlackElo "1875"]
[PlyCount "82"]
[EventDate "2019.09.04"]
[EventType "tourn"]
[EventRounds "5"]
[EventCountry "CAN"]

1. e4 e6 2. Qe2 Be7 3. Nf3 d5 4. d3 Nf6 5. g3 c5 6. Bg2 Nc6 7. O-O b6 8. e5 Nd7
9. c3 Bb7 10. Na3 a6 11. Nc2 g5 12. d4 g4 13. Nfe1 h5 14. Bf4 Bg5 15. Bxg5 Qxg5
16. f4 Qh6 17. Rd1 Ne7 18. Ne3 O-O-O 19. Nd3 cxd4 20. cxd4 Qh7 21. Nb4 Nb8 22.
Qc2+ Qxc2 23. Nbxc2 Kd7 24. f5 Rhf8 25. h3 Rc8 26. fxe6+ fxe6 27. Rxf8 Rxf8 28.
hxg4 hxg4 29. Nxg4 Nf5 30. Nf6+ Kc7 31. Kf2 Nc6 32. Rh1 Rf7 33. Rd1 Nfxd4 34.
Nxd4 Nxe5 35. Kg1 Rxf6 36. Re1 Kd6 37. Bh3 Bc8 38. g4 Rg6 39. Rc1 Bd7 40. Rc3
Nxg4 41. Rg3 Ne5 0-1

[Event "Mercredi 2019.09.04 ABCD"]
[Site "Montreal CAN"]
[Date "2019.09.18"]
[Round "3"]
[White "Rodrigue-Lemieux, Shawn"]
[Black "Pomerantz, Daniel"]
[Result "1-0"]
[WhiteElo "2375"]
[BlackElo "2158"]
[PlyCount "85"]
[EventDate "2019.09.04"]
[EventType "tourn"]
[EventRounds "5"]
[EventCountry "CAN"]

1. e4 c5 2. Nf3 e6 3. d3 Nc6 4. g3 d5 5. Nbd2 Bd6 6. Bg2 Nge7 7. O-O O-O 8. Nh4
d4 9. f4 f5 10. exf5 exf5 11. Re1 Rf6 12. Nc4 Re6 13. Bd2 Bc7 14. Qh5 Bd7 15.
Rxe6 Bxe6 16. Re1 Bf7 17. Qe2 Qd7 18. Nf3 Ng6 19. Ng5 Bd5 20. Nxh7 Bxg2 21. Qh5
Bd5 22. Qxg6 Qf7 23. Qxf7+ Kxf7 24. Ng5+ Kf6 25. Na3 a6 26. c4 Bg8 27. Kf2 Rb8
28. g4 b6 29. Kf3 g6 30. Re2 b5 31. b3 b4 32. Nc2 Bf7 33. Be1 Rh8 34. Bg3 a5
35. Ne1 Nd8 36. Ng2 Bd6 37. Bh4 Kg7 38. Nxf7 Kxf7 39. gxf5 gxf5 40. Bxd8 Rxd8
41. Nh4 Bc7 42. Nxf5 Kf6 43. Ng3 1-0

[Event "Mercredi 2019.09.04 ABCD"]
[Site "Montreal CAN"]
[Date "2019.09.18"]
[Round "3"]
[White "Templonuevo, Mark Geryl"]
[Black "Gates, Claude-Eric"]
[Result "0-1"]
[WhiteElo "1843"]
[BlackElo "1841"]
[PlyCount "30"]
[EventDate "2019.09.04"]
[EventType "tourn"]
[EventRounds "5"]
[EventCountry "CAN"]

1. c4 Nf6 2. Nc3 e6 3. e4 Nc6 4. Nf3 Bb4 5. Bd3 d6 6. g4 Bd7 7. Ne2 Nxg4 8. Rg1
Nge5 9. Nf4 Qf6 10. Nxe5 Nxe5 11. Be2 Qxf4 12. a3 Qxh2 13. Rxg7 Qh1+ 14. Bf1
Nd3+ 15. Ke2 Qxe4# 0-1

[Event "Mercredi 2019.09.04 ABCD"]
[Site "Montreal CAN"]
[Date "2019.09.18"]
[Round "3"]
[White "Toenz, Antoine"]
[Black "Abdelaal, Ibrahim"]
[Result "1-0"]
[WhiteElo "2030"]
[BlackElo "2045"]
[PlyCount "33"]
[EventDate "2019.09.04"]
[EventType "tourn"]
[EventRounds "5"]
[EventCountry "CAN"]

1. e4 d5 2. exd5 Nf6 3. Nc3 Nxd5 4. Bc4 Nf6 5. Nf3 Bf5 6. Ne5 e6 7. d4 Be7 8.
Bf4 O-O 9. g4 Bg6 10. h4 Ne4 11. Nxg6 Nxc3 12. Nxe7+ Qxe7 13. bxc3 Nc6 14. Qe2
Qa3 15. Bd2 Rae8 16. f4 f6 17. f5 1-0

[Event "Mercredi 2019.09.04 ABCD"]
[Site "Montreal CAN"]
[Date "2019.09.18"]
[Round "3"]
[White "Tremblay, Alain"]
[Black "Lopez Linares, Lizandro"]
[Result "1/2-1/2"]
[WhiteElo "2075"]
[BlackElo "2196"]
[PlyCount "108"]
[EventDate "2019.09.04"]
[EventType "tourn"]
[EventRounds "5"]
[EventCountry "CAN"]

1. Nf3 c5 2. e4 d6 3. d4 cxd4 4. Qxd4 a6 5. c4 Nf6 6. Nc3 e6 7. Be2 Qc7 8. O-O
Nbd7 9. Re1 Be7 10. h3 O-O 11. Bd2 b6 12. Rac1 Bb7 13. b4 Rfd8 14. Qe3 Bf8 15.
a3 Rac8 16. Bd3 Qb8 17. Qe2 g6 18. Bf4 Ne5 19. Nxe5 dxe5 20. Bg5 Be7 21. Red1
Qc7 22. Na4 Bc6 23. b5 Be8 24. Qe3 Rd4 25. Qe2 a5 26. Be3 Bxa3 27. Bxd4 exd4
28. Rc2 Bc5 29. e5 Nd7 30. f4 Rd8 31. Rf1 Bf8 32. Kh1 Nc5 33. Ra1 Nxa4 34. Rxa4
Bc5 35. Ra1 Qe7 36. Qf3 Bd7 37. Rd2 Bc8 38. Be4 f6 39. Qg3 Kh8 40. Qh4 g5 41.
fxg5 f5 42. Bf3 Rg8 43. Rxd4 Qg7 44. Qf4 Qa7 45. Rd2 a4 46. g6 a3 47. Qg5 Be7
48. Qe3 Rxg6 49. Qc3 Qc7 50. Rad1 Rg8 51. Rd6 Qc5 52. Rc6 Qf2 53. Qd2 Qg3 54.
Rxc8 Rxc8 {...} 1/2-1/2